|
|
|
|
| LEADER |
01127nam a22002412a 4500 |
| 001 |
000800542 |
| 003 |
CZ BrMZK |
| 005 |
20120615072933.0 |
| 007 |
ta |
| 008 |
051206s1957 xr er|||||||||||cze d |
| 040 |
|
|
|a ABA001
|b cze
|c ABA001
|d ABA001
|
| 245 |
0 |
0 |
|a Nebylo marné žít a umírat :
|b [obr. publ.] /
|c mosaiky Vladimíra Sychry ; verše Vítězslava Nezvala v Síni sovětské armády, Národní památník na hoře Vítkově v Praze ; Jiří Kotalík: O monumentální malbě, doslov ; barev. fot. Josefa Pommera
|
| 260 |
|
|
|a Praha :
|b Nakladatelství československých výtvarných umělců,
|c 1957
|f (NV)
|
| 300 |
|
|
|a 31, [1] s. ;
|c 4°
|
| 504 |
|
|
|a Obsahuje bibliografii
|
| 500 |
|
|
|a Vyd. k 40. výročí Velké říjnové socialist. revoluce
|
| 500 |
|
|
|a Pozn.
|
| 700 |
1 |
|
|a Nezval, Vítězslav,
|d 1900-1958
|7 jk01090162
|4 aut
|
| 700 |
1 |
|
|a Sychra, Vladimír,
|d 1903-1963
|7 jk01122172
|4 ill
|
| 910 |
|
|
|a BOA001
|b PK-N-0003.497
|
| 964 |
|
|
|a Sychra, Vladimír - mosaiky - památník Národní - reprodukce
|
| 990 |
|
|
|a BK
|
| 996 |
7 |
|
|b 3119670221
|c PK-N-0003.497
|l MZK
|r Sklad / do 1 hodiny
|n 1
|w 000800542
|u 000010
|a 1
|e BOA001
|j MZK50
|s A
|